[Event "15th Unive op"]
[Site "Hoogeveen NED"]
[Date "2011.10.18"]
[Round "5.36"]
[White "Arp, Frans"]
[Black "Mol, Christiaan"]
[Result "1-0"]
[WhiteElo "2107"]
[BlackElo "2013"]
[EventDate "2011.10.14"]
[PlyCount "145"]

1.e4 c5 2.Nf3 Nc6 3.d4 cxd4 4.Nxd4 Nf6 5.Nc3 e5 6.Ndb5 d6 7.Bg5 a6 8.Na3 
b5 9.Nd5 Be7 10.Bxf6 Bxf6 11.c3 Bg5 12.Nc2 Rb8 13.Bd3 O-O 14.O-O Be6 15.
Nce3 Ne7 16.Nxe7+ Qxe7 17.Qe2 g6 18.a4 f5 19.axb5 f4 20.Nd5 Bxd5 21.exd5 
f3 22.Qc2 Qd7 23.Rfe1 fxg2 24.Be4 axb5 25.f3 Qh3 26.Qxg2 Qxg2+ 27.Kxg2 b4 
28.c4 Rfc8 29.b3 Bd2 30.Re2 Bc3 31.Ra6 Rd8 32.Rea2 Bd4 33.Rc6 Rd7 34.Raa6 
Rbd8 35.Ra5 Ra7 36.Rxa7 Bxa7 37.Kg3 Bc5 38.h4 Rf8 39.h5 Kg7 40.Rc7+ Rf7 
41.h6+ Kg8 42.Rc6 Kf8 43.Rc8+ Ke7 44.Rb8 Kf6 45.f4 exf4+ 46.Kxf4 Ke7+ 47.
Kg4 Kf6 48.Kf4 Ke7+ 49.Kg3 Kf6 50.Kg4 Ke7 51.Bxg6 hxg6 52.h7 Bd4 53.h8=Q 
Bxh8 54.Rxh8 Rf1 55.Rb8 Rg1+ 56.Kf3 Kf6 57.Rf8+ Ke5 58.Rb8 Kd4 59.Rb6 Rc1 
60.Rxd6 Rc3+ 61.Kf4 Rxb3 62.Rc6 Rb1 63.d6 Rf1+ 64.Kg5 Ke5 65.c5 Rg1+ 66.
Kh6 Ke6 67.Kg7 g5 68.Rc7 g4 69.Re7+ Kf5 70.d7 Rd1 71.c6 g3 72.Kf8 g2 73.
Rg7 1-0

[Event "15th Unive op"]
[Site "Hoogeveen NED"]
[Date "2011.10.18"]
[Round "5.37"]
[White "Baskin, Robert"]
[Black "Poelstra, Ben"]
[Result "1-0"]
[WhiteElo "2016"]
[BlackElo "2102"]
[EventDate "2011.10.14"]
[PlyCount "109"]

1.e4 e5 2.Nf3 Nf6 3.Nxe5 d6 4.Nf3 Nxe4 5.Nc3 Nxc3 6.dxc3 Be7 7.Bf4 Nc6 8.
Qd2 O-O 9.O-O-O Bf6 10.Bd3 Ne5 11.Bxe5 dxe5 12.Qe3 Qe7 13.Kb1 Re8 14.Qe4 
g6 15.g4 Bd7 16.Bc4 Rad8 17.Rhe1 Bc6 18.Bd5 Bxd5 19.Rxd5 Rxd5 20.Qxd5 c6 
21.Qe4 Qc5 22.Qe2 Qe7 23.Nd2 Bh4 24.Qf3 Qf6 25.Qxf6 Bxf6 26.f4 Kf8 27.f5 
Bh4 28.Re2 Rd8 29.a4 Bg5 30.Nf3 Bf4 31.Nxe5 Bxe5 32.Rxe5 Rd1+ 33.Ka2 Rd2 
34.f6 Rxh2 35.Re7 Rf2 36.g5 h6 37.Rxb7 Kg8 38.Rb8+ Kh7 39.Rf8 hxg5 40.
Rxf7+ Kh6 41.Rxa7 g4 42.Rd7 Rxf6 43.b4 Kg5 44.b5 cxb5 45.axb5 g3 46.Rd1 
Kg4 47.c4 g2 48.Rg1 Kg3 49.Kb3 Rf8 50.Rxg2+ Kxg2 51.c5 Kf3 52.c6 Ke4 53.c7
Rf3+ 54.Kb4 Rf8 55.b6 1-0

[Event "15th Unive op"]
[Site "Hoogeveen NED"]
[Date "2011.10.18"]
[Round "5.38"]
[White "Sadallah, Osama"]
[Black "Kollen, Zyon"]
[Result "1-0"]
[WhiteElo "2145"]
[BlackElo "2112"]
[EventDate "2011.10.14"]
[PlyCount "71"]

1.d4 Nf6 2.c4 e6 3.Nc3 Bb4 4.e3 O-O 5.Bd3 b6 6.Ne2 Bb7 7.O-O d5 8.cxd5 
exd5 9.a3 Bd6 10.Ng3 c5 11.Nf5 c4 12.Bc2 a6 13.e4 dxe4 14.Bg5 Qd7 15.g4 
Nd5 16.Nxe4 Bf4 17.Bxf4 Nxf4 18.Qf3 Ng6 19.Qh3 Bxe4 20.Bxe4 Nc6 21.d5 Nce5
22.d6 Rae8 23.Rfe1 h6 24.Rad1 Nf4 25.Qc3 Kh8 26.Bb1 f6 27.h3 Nfd3 28.Bxd3 
Nf3+ 29.Kf1 Nxe1 30.Bxc4 Qc6 31.Rd5 b5 32.d7 Rd8 33.Ne7 Qc7 34.Ng6+ Kh7 
35.Nxf8+ Rxf8 36.Bd3+ 1-0

[Event "15th Unive op"]
[Site "Hoogeveen NED"]
[Date "2011.10.18"]
[Round "5.39"]
[White "Lee, Kai Jie Edward"]
[Black "Hoffman, Ron"]
[Result "0-1"]
[WhiteElo "2008"]
[BlackElo "2121"]
[EventDate "2011.10.14"]
[PlyCount "60"]

1.e4 Nc6 2.d4 d5 3.e5 f6 4.Bf4 Bf5 5.c3 e6 6.Nf3 h5 7.exf6 Nxf6 8.Bb5 Bd6 
9.Bg5 O-O 10.O-O Qe8 11.Nh4 Ne4 12.Be3 g5 13.Nxf5 exf5 14.Qb3 Qe6 15.c4 
Na5 16.Qc2 Nxc4 17.Bxc4 dxc4 18.f3 f4 19.d5 Qe5 20.Qxe4 Qxe4 21.fxe4 fxe3 
22.Nc3 Bc5 23.Rfe1 Rf2 24.Na4 Bd4 25.Rad1 Rd2 26.Kh1 Rf8 27.Rxd2 exd2 28.
Rd1 Rf2 29.h3 Re2 30.Kh2 Be5+ 0-1

[Event "15th Unive op"]
[Site "Hoogeveen NED"]
[Date "2011.10.18"]
[Round "5.40"]
[White "Majhi, Ankit"]
[Black "Stavast, Dick"]
[Result "0-1"]
[WhiteElo "1760"]
[BlackElo "2097"]
[EventDate "2011.10.14"]
[PlyCount "70"]

1.e4 e5 2.Nf3 d6 3.d4 Bg4 4.dxe5 Nd7 5.Be2 dxe5 6.O-O Ngf6 7.Nc3 Bc5 8.h3 
Bxf3 9.Bxf3 c6 10.Qe2 Qe7 11.Bg5 Nf8 12.Na4 Ne6 13.Bxf6 gxf6 14.c3 Bd6 15.
b3 Nf4 16.Qc2 Rg8 17.Kh2 f5 18.g3 fxe4 19.Bxe4 Ng6 20.Bf5 Qg5 21.Kh1 Ne7 
22.Be4 f5 23.Bf3 e4 24.h4 Qh6 25.Bg2 O-O-O 26.Qc1 f4 27.Bxe4 Qe6 28.Bg2 f3
29.Re1 fxg2+ 30.Kxg2 Qd5+ 31.Kh3 Qf5+ 32.Kg2 Rdf8 33.Qe3 Nd5 34.Qxa7 Qf3+ 
35.Kf1 Bxg3 0-1

[Event "15th Unive op"]
[Site "Hoogeveen NED"]
[Date "2011.10.18"]
[Round "5.41"]
[White "Yamada, Kohei"]
[Black "Van Foreest, Lucas"]
[Result "1-0"]
[WhiteElo "2093"]
[BlackElo "1918"]
[EventDate "2011.10.14"]
[PlyCount "75"]

1.d4 d5 2.c4 e6 3.Nc3 Nf6 4.Nf3 c6 5.Bg5 Be7 6.e3 Nbd7 7.Bd3 dxc4 8.Bxc4 
b5 9.Bd3 a6 10.O-O O-O 11.Rc1 Bb7 12.Bb1 h6 13.Bh4 Rc8 14.Qe2 c5 15.Rfd1 
b4 16.Na4 Bxf3 17.Qxf3 c4 18.e4 e5 19.dxe5 Nxe5 20.Qf5 Qa5 21.f4 Qxa4 22.
fxe5 Bc5+ 23.Kh1 Nh7 24.e6 fxe6 25.Qxe6+ Kh8 26.e5 Qe8 27.Qxc4 g5 28.Bg3 
Qe7 29.Qe4 Bb6 30.e6 Rxc1 31.Rxc1 Nf6 32.Be5 Bc7 33.h3 Bxe5 34.Qxe5 Re8 
35.Bf5 Qg7 36.Rc6 Nh5 37.Qxg7+ Nxg7 38.g4 1-0

[Event "15th Unive op"]
[Site "Hoogeveen NED"]
[Date "2011.10.18"]
[Round "5.42"]
[White "Cox, Jan"]
[Black "Lesman, Francis"]
[Result "0-1"]
[WhiteElo "2008"]
[BlackElo "2074"]
[EventDate "2011.10.14"]
[PlyCount "54"]

1.e4 c6 2.d4 d5 3.Nc3 dxe4 4.Nxe4 Nd7 5.Ng5 Ngf6 6.Bd3 e6 7.N1f3 Bd6 8.Qe2
h6 9.Ne4 Nxe4 10.Qxe4 Qc7 11.O-O b6 12.Qg4 Kf8 13.Re1 Bb7 14.Bd2 Re8 15.c4
Nf6 16.Qh4 c5 17.d5 exd5 18.Bg5 Ne4 19.cxd5 Bxd5 20.Bxe4 Rxe4 21.Rxe4 Bxe4
22.Bd8 Qc6 23.Nd2 Bxg2 24.f3 Qd5 25.Qe4 Qxd2 26.Re1 Bxh2+ 27.Kxh2 Bxf3+ 
0-1

[Event "15th Unive op"]
[Site "Hoogeveen NED"]
[Date "2011.10.19"]
[Round "6.1"]
[White "Lenderman, Aleksandr"]
[Black "Nyzhnyk, Illya"]
[Result "1/2-1/2"]
[WhiteElo "2562"]
[BlackElo "2561"]
[EventDate "2011.10.14"]
[PlyCount "113"]

1.c4 Nf6 2.Nf3 g6 3.Nc3 Bg7 4.e4 d6 5.d4 O-O 6.Be2 e5 7.O-O Nc6 8.d5 Ne7 
9.Ne1 Nd7 10.Be3 f5 11.f3 f4 12.Bf2 g5 13.Rc1 a6 14.Nd3 b6 15.b4 Rf6 16.c5
Rh6 17.cxd6 cxd6 18.g4 fxg3 19.hxg3 Ng6 20.Kg2 Nf6 21.g4 Bd7 22.Qd2 Ne8 
23.a4 Rc8 24.b5 axb5 25.Nxb5 Ra8 26.Qb4 Nh4+ 27.Kg1 Rf6 28.Be3 h6 29.Rc3 
Qe7 30.Bxb6 Qf7 31.Ne1 h5 32.Rf2 Qg6 33.Ng2 hxg4 34.fxg4 Nxg2 35.Rxg2 Rf4 
36.Re3 Nf6 37.Nc3 Bxg4 38.Qxd6 Bf8 39.Qxe5 Re8 40.Qd4 Bxe2 41.Nxe2 Rfxe4 
42.Rxe4 Rxe4 43.Qd3 Ng4 44.a5 Bd6 45.Bd4 Bh2+ 46.Kf1 Qf5+ 47.Ke1 Bd6 48.
Bc3 Qf4 49.Bd2 Ne5 50.Rxg5+ Kf7 51.Rxe5 Qxe5 52.a6 Qg3+ 53.Qxg3 Bxg3+ 54.
Kd1 Bb8 55.Nc3 Re7 56.Nb5 Re5 57.a7 1/2-1/2

[Event "15th Unive op"]
[Site "Hoogeveen NED"]
[Date "2011.10.19"]
[Round "6.2"]
[White "Tiviakov, Sergei"]
[Black "De Jong, Migchiel"]
[Result "1-0"]
[WhiteElo "2647"]
[BlackElo "2370"]
[EventDate "2011.10.14"]
[PlyCount "63"]

1.e4 c5 2.Nf3 e6 3.d4 cxd4 4.Nxd4 a6 5.Nc3 b5 6.Bd3 Bb7 7.O-O Nc6 8.Nxc6 
Bxc6 9.Re1 Bc5 10.e5 Qb6 11.Be3 Ne7 12.Qg4 Ng6 13.Rad1 O-O 14.Ne4 Bxe4 15.
Qxe4 Rad8 16.c4 d5 17.exd6 Rxd6 18.Bxc5 Qxc5 19.cxb5 axb5 20.b4 Qb6 21.Bf1
Rfd8 22.Rxd6 Rxd6 23.Qe3 Qb7 24.Rc1 Ne7 25.Rc5 Rb6 26.Qc3 Kf8 27.Rc7 Qa6 
28.a4 Rc6 29.Qd4 Rd6 30.Qc5 f6 31.a5 Nf5 32.Bxb5 1-0

[Event "15th Unive op"]
[Site "Hoogeveen NED"]
[Date "2011.10.19"]
[Round "6.3"]
[White "Zherebukh, Yaroslav"]
[Black "Baklan, Vladimir"]
[Result "1/2-1/2"]
[WhiteElo "2580"]
[BlackElo "2617"]
[EventDate "2011.10.14"]
[PlyCount "20"]

1.e4 e6 2.d4 d5 3.Nc3 dxe4 4.Nxe4 Nd7 5.Nf3 Ngf6 6.Bd3 Nxe4 7.Bxe4 Nf6 8.
Bd3 c5 9.dxc5 Bxc5 10.O-O O-O 1/2-1/2

[Event "15th Unive op"]
[Site "Hoogeveen NED"]
[Date "2011.10.19"]
[Round "6.4"]
[White "Ernst, Sipke"]
[Black "Van Kampen, Robin"]
[Result "1/2-1/2"]
[WhiteElo "2581"]
[BlackElo "2529"]
[EventDate "2011.10.14"]
[PlyCount "133"]

1.d4 Nf6 2.c4 e6 3.Nf3 b6 4.g3 Bb7 5.Bg2 c5 6.Nc3 cxd4 7.Qxd4 Nc6 8.Qf4 
Bb4 9.O-O O-O 10.Rd1 Rc8 11.Nb5 d5 12.a3 Be7 13.cxd5 Nxd5 14.Qg4 Nf6 15.
Qa4 Qe8 16.Bd2 a6 17.Nbd4 Nxd4 18.Qxd4 Qb5 19.Bb4 Rfd8 20.Bxe7 Rxd4 21.
Nxd4 Qd7 22.Bxf6 gxf6 23.Nf5 Bd5 24.e4 exf5 25.exd5 Qd6 26.Rac1 Rxc1 27.
Rxc1 f4 28.Rc6 Qe5 29.Rxb6 a5 30.Bf3 fxg3 31.hxg3 Qd4 32.Rb5 Qd3 33.Rb8+ 
Kg7 34.Kg2 h5 35.Bxh5 Qxd5+ 36.Bf3 Qd3 37.a4 Qd2 38.b3 f5 39.Rb5 Kg6 40.
Bb7 Qc3 41.Bd5 Qe1 42.Rb6+ f6 43.Bf3 Qc3 44.Rb5 Qd2 45.Rc5 Qb4 46.Rd5 Qc3 
47.Rb5 Qd2 48.Bc6 Qe1 49.Bd5 Qc3 50.Bc4 f4 51.gxf4 Qd2 52.Kg3 Qe1 53.Bd5 
Qc3+ 54.Bf3 Kg7 55.Rb7+ Kf8 56.Rb6 Qd4 57.Re6 Kf7 58.Ra6 Qc3 59.Rb6 Qd4 
60.Rb5 Qc3 61.Kg2 Kf8 62.Rd5 Ke7 63.f5 Kf8 64.Rb5 Kg7 65.Kg3 Kh6 66.Kg2 
Kg5 67.Bb7 1/2-1/2

[Event "15th Unive op"]
[Site "Hoogeveen NED"]
[Date "2011.10.19"]
[Round "6.5"]
[White "Haslinger, Stewart"]
[Black "Van Eijk, Sander"]
[Result "1-0"]
[WhiteElo "2542"]
[BlackElo "2372"]
[EventDate "2011.10.14"]
[PlyCount "43"]

1.e4 c5 2.Nf3 e6 3.d4 cxd4 4.Nxd4 a6 5.Nc3 Qc7 6.Bd3 Nf6 7.O-O Bc5 8.Nb3 
Be7 9.f4 d6 10.e5 dxe5 11.fxe5 Nfd7 12.Qg4 g6 13.Bh6 Nxe5 14.Qg3 Nbd7 15.
Rae1 Qb8 16.Bf4 Bf6 17.Ne4 Bg7 18.Nec5 Nxc5 19.Rxe5 Nxd3 20.Rxe6+ Bxe6 21.
Bxb8 Nxb2 22.Be5 1-0

[Event "15th Unive op"]
[Site "Hoogeveen NED"]
[Date "2011.10.19"]
[Round "6.6"]
[White "Brandenburg, Daan"]
[Black "Svane, Rasmus"]
[Result "1-0"]
[WhiteElo "2522"]
[BlackElo "2351"]
[EventDate "2011.10.14"]
[PlyCount "61"]

1.e4 e6 2.d4 d5 3.Nd2 a6 4.Bd3 c5 5.dxc5 Nf6 6.exd5 Qxd5 7.Ngf3 Bxc5 8.Qe2
Nc6 9.Ne4 Be7 10.O-O Bd7 11.Rd1 Nxe4 12.Bxe4 Qa5 13.Bf4 Rd8 14.a3 Bc8 15.
Bxc6+ bxc6 16.Ne5 Rxd1+ 17.Rxd1 Qa4 18.Qf3 O-O 19.Nxc6 Bf6 20.b3 Qb5 21.
Na7 Qc5 22.Be3 Qxc2 23.Rc1 Qxb3 24.Nxc8 Qxa3 25.Nb6 Rd8 26.g3 Qd3 27.Kg2 
a5 28.Rc7 Qb5 29.Ra7 Qb4 30.Nd7 Bd4 31.Ra8 1-0

[Event "15th Unive op"]
[Site "Hoogeveen NED"]
[Date "2011.10.19"]
[Round "6.7"]
[White "Donchenko, Alexander"]
[Black "Grover, Sahaj"]
[Result "0-1"]
[WhiteElo "2304"]
[BlackElo "2514"]
[EventDate "2011.10.14"]
[PlyCount "38"]

1.d4 e6 2.c4 Nf6 3.Nf3 d5 4.Nc3 c6 5.e3 Nbd7 6.b3 Bb4 7.Bd2 O-O 8.Bd3 Qe7 
9.Rc1 dxc4 10.Bxc4 e5 11.dxe5 Nxe5 12.Nxe5 Qxe5 13.O-O Ba3 14.Rc2 Bf5 15.
e4 Nxe4 16.Nxe4 Bxe4 17.Rc3 Rad8 18.Re3 Bc5 19.Re2 b5 0-1

[Event "15th Unive op"]
[Site "Hoogeveen NED"]
[Date "2011.10.19"]
[Round "6.9"]
[White "Wagner, Dennis"]
[Black "Erwich, Frank"]
[Result "0-1"]
[WhiteElo "2290"]
[BlackElo "2365"]
[EventDate "2011.10.14"]
[PlyCount "102"]

1.d4 Nf6 2.c4 e6 3.g3 d5 4.Nf3 dxc4 5.Bg2 Bb4+ 6.Bd2 c5 7.Bxb4 cxb4 8.Ne5 
O-O 9.Nxc4 Nc6 10.e3 e5 11.d5 b5 12.dxc6 Qxd1+ 13.Kxd1 bxc4 14.Nd2 Bg4+ 
15.Kc1 Be2 16.Ne4 Nxe4 17.Bxe4 Rad8 18.b3 f5 19.c7 Rd7 20.c8=Q Rxc8 21.
Bxf5 cxb3+ 22.Kb2 Rd2+ 23.Kxb3 Rb8 24.f4 g6 25.Be6+ Kg7 26.Rac1 Kf6 27.Bc4
Bxc4+ 28.Rxc4 Rd3+ 29.Kc2 Rxe3 30.fxe5+ Kxe5 31.Rc7 Ra3 32.Kb2 Rf8 33.Re1+
Kd6 34.Rc2 Rff3 35.Re4 Rxa2+ 36.Kxa2 b3+ 37.Kb2 bxc2 38.Kxc2 Rf2+ 39.Kd1 
Rxh2 40.Ra4 Ke5 41.Ke1 Kf5 42.Kf1 a5 43.Rxa5+ Kg4 44.Ra3 Kh3 45.Rb3 Ra2 
46.Rc3 g5 47.Rb3 g4 48.Rc3 h5 49.Rb3 Kh2 50.Rb5 h4 51.Rg5 Kxg3 0-1

[Event "15th Unive op"]
[Site "Hoogeveen NED"]
[Date "2011.10.19"]
[Round "6.10"]
[White "Sekandar, Kambiz"]
[Black "Peelen, Piet"]
[Result "0-1"]
[WhiteElo "1922"]
[BlackElo "2354"]
[EventDate "2011.10.14"]
[PlyCount "84"]

1.e4 c6 2.d4 d5 3.Nc3 dxe4 4.Nxe4 Bf5 5.Ng3 Bg6 6.h4 h6 7.f4 e6 8.Nf3 Nd7 
9.h5 Bh7 10.Bd3 Bxd3 11.Qxd3 Ngf6 12.Bd2 Qc7 13.Ne5 c5 14.Nxd7 Qxd7 15.
dxc5 Qxd3 16.cxd3 Bxc5 17.Ne4 Bd4 18.Nxf6+ gxf6 19.Bc3 O-O-O 20.Rc1 Kb8 
21.Ke2 Rhg8 22.Kf3 f5 23.g3 Rg4 24.Rhd1 a6 25.Bxd4 Rxd4 26.Rc4 Rd8 27.d4 
Rdg8 28.Rg1 Rh4 29.d5 Rxh5 30.Rc2 Rh3 31.dxe6 fxe6 32.Re2 Rg6 33.Re3 h5 
34.Kg2 Rh4 35.Rh1 Rxh1 36.Kxh1 Kc7 37.Kh2 Kd6 38.Kh3 Rg8 39.Kh4 Ke7 40.b3 
Kf6 41.Rc3 Rg4+ 42.Kxh5 Rg8 0-1

[Event "15th Unive op"]
[Site "Hoogeveen NED"]
[Date "2011.10.19"]
[Round "6.11"]
[White "Van Delft, Merijn"]
[Black "Vedder, Richard"]
[Result "0-1"]
[WhiteElo "2413"]
[BlackElo "2260"]
[EventDate "2011.10.14"]
[PlyCount "94"]

1.e4 e6 2.d4 d5 3.Nc3 Bb4 4.e5 c5 5.a3 Bxc3+ 6.bxc3 Qa5 7.Bd2 Qa4 8.Qg4 
Kf8 9.Qd1 b6 10.Nh3 Ne7 11.dxc5 bxc5 12.Bd3 c4 13.Be2 Nbc6 14.f4 Rb8 15.
Ra2 g6 16.O-O h5 17.f5 Nxf5 18.Bg5 Qa5 19.Qd2 Ke8 20.Kh1 Ba6 21.Bf6 Rg8 
22.Raa1 Ncd4 23.Bd1 Rb2 24.Qe1 Nb5 25.Rf3 Bb7 26.Ng5 Nfd4 27.Rg3 Nxc2 28.
Qd2 Nxa1 29.Qxb2 Nb3 30.Bxb3 cxb3 31.Qxb3 Bc8 32.a4 Nd4 33.Qa3 Nf5 34.Rf3 
Qc7 35.Nh7 Ba6 36.h4 Kd7 37.Ng5 Kc6 38.Rf4 Bc4 39.Nf3 Rb8 40.Nd2 Kb7 41.
Nxc4 dxc4 42.Qb4+ Ka8 43.Qxc4 Rc8 44.Qxc7 Rxc7 45.c4 Kb7 46.Kh2 Kc6 47.Kh3
Rd7 0-1

[Event "15th Unive op"]
[Site "Hoogeveen NED"]
[Date "2011.10.19"]
[Round "6.12"]
[White "Schoorl, Rob"]
[Black "Van der Wiel, John"]
[Result "1-0"]
[WhiteElo "2276"]
[BlackElo "2459"]
[EventDate "2011.10.14"]
[PlyCount "107"]

1.e4 g6 2.d4 Bg7 3.Nc3 c6 4.Bc4 d6 5.Qe2 b5 6.Nxb5 d5 7.Bf4 dxc4 8.Nc7+ 
Kf8 9.Nxa8 Na6 10.Qxc4 Bb7 11.Nf3 Qxa8 12.O-O-O Nf6 13.Ng5 Qe8 14.d5 cxd5 
15.exd5 h6 16.Nf3 Nd7 17.Rhe1 Bf6 18.d6 e6 19.Ne5 Nab8 20.Qc7 Bxg2 21.Rd3 
g5 22.Nxd7+ Nxd7 23.Be3 e5 24.Ra3 Kg7 25.Rxa7 Bh3 26.Rd1 Qe6 27.Qc6 Rb8 
28.Qd5 Qg4 29.b3 Qf5 30.c4 Bg4 31.Rd2 Bf3 32.Qd3 Be4 33.Qc3 Qh3 34.c5 Bc6 
35.Kb2 Qxh2 36.a4 Qh1 37.b4 Qe4 38.Ka3 Nf8 39.Qb3 Bd7 40.b5 Be6 41.Qc2 Qh1
42.c6 h5 43.c7 Re8 44.b6 Bc8 45.Qb2 e4 46.Bd4 Qf3+ 47.Kb4 Nd7 48.Bxf6+ 
Nxf6 49.d7 Re6 50.dxc8=N e3 51.fxe3 Qxe3 52.Qc3 Qf4+ 53.Ka3 h4 54.Ne7 1-0

[Event "15th Unive op"]
[Site "Hoogeveen NED"]
[Date "2011.10.19"]
[Round "6.13"]
[White "Law, Nicky"]
[Black "Raznikov, Danny"]
[Result "0-1"]
[WhiteElo "2208"]
[BlackElo "2433"]
[EventDate "2011.10.14"]
[PlyCount "72"]

1.d4 Nf6 2.c4 c5 3.d5 b5 4.cxb5 a6 5.bxa6 g6 6.Nf3 Bg7 7.g3 d6 8.Bg2 Nbd7 
9.Nc3 Nb6 10.O-O Bxa6 11.Rb1 Bc4 12.Nd2 Bxa2 13.Nxa2 Rxa2 14.Qb3 Ra7 15.
Nc4 Nbxd5 16.Qb5+ Rd7 17.e4 Nc7 18.Qc6 Ne6 19.e5 Ng4 20.Ra1 O-O 21.exd6 
exd6 22.Nb6 Ne5 23.Qb5 Nd4 24.Qa6 Re7 25.Nd5 Re6 26.Nf4 Re7 27.Nd5 Re6 28.
Nf4 Ree8 29.Ra4 Qb8 30.Be3 Nf5 31.Bc1 Rd8 32.Nd5 Nd4 33.b4 Rfe8 34.Rd1 h6 
35.Be3 Ng4 36.Bf4 Ne5 0-1

[Event "15th Unive op"]
[Site "Hoogeveen NED"]
[Date "2011.10.19"]
[Round "6.15"]
[White "Klein, David"]
[Black "Nakar, Eylon"]
[Result "0-1"]
[WhiteElo "2359"]
[BlackElo "2268"]
[EventDate "2011.10.14"]
[PlyCount "84"]

1.e4 e6 2.d4 d5 3.Nd2 Nf6 4.e5 Nfd7 5.c3 c5 6.f4 Nc6 7.Ndf3 cxd4 8.cxd4 f5
9.Bd3 Nb6 10.Ne2 Bd7 11.O-O Be7 12.g4 O-O 13.gxf5 exf5 14.Kh1 Rc8 15.Rg1 
Nb4 16.Bb1 Qc7 17.Nc3 Be8 18.a3 Nc6 19.Ng5 Qd7 20.e6 Qd6 21.Nb5 Qd8 22.Be3
Nc4 23.Bf2 Qb6 24.b3 Qxb5 25.bxc4 dxc4 26.Qf3 Bxg5 27.Rxg5 Ne5 28.Qe2 Bc6+
29.Rg2 Qd5 30.Bg3 Ng4 31.Ra2 Rce8 32.e7 Qxg2+ 33.Qxg2 Bxg2+ 34.Kxg2 Rxe7 
35.Rb2 Rfe8 36.h3 c3 37.Rb3 Ne3+ 38.Kf3 c2 39.Ba2 Kh8 40.Rc3 Nd1 41.Rxc2 
Re3+ 42.Kg2 Re2+ 0-1

[Event "15th Unive op"]
[Site "Hoogeveen NED"]
[Date "2011.10.19"]
[Round "6.16"]
[White "Bezemer, Arno J"]
[Black "Timmermans, Ivo"]
[Result "1/2-1/2"]
[WhiteElo "2351"]
[BlackElo "2247"]
[EventDate "2011.10.14"]
[PlyCount "46"]

1.e4 c5 2.Nf3 d6 3.d4 cxd4 4.Nxd4 Nf6 5.Nc3 a6 6.Bg5 e6 7.f4 Nbd7 8.Qf3 
Qc7 9.O-O-O b5 10.e5 Bb7 11.Qh3 dxe5 12.Nxe6 fxe6 13.Qxe6+ Be7 14.Bxb5 
axb5 15.Nxb5 Qc6 16.Nd6+ Kd8 17.fxe5 Kc7 18.Qxe7 Rxa2 19.exf6 Ra1+ 20.Kd2 
Qd5+ 21.Kc3 Qa5+ 22.Kd3 Qd5+ 23.Kc3 Qa5+ 1/2-1/2

[Event "15th Unive op"]
[Site "Hoogeveen NED"]
[Date "2011.10.19"]
[Round "6.17"]
[White "Ootes, Lars"]
[Black "Hovenga, Alje"]
[Result "0-1"]
[WhiteElo "2340"]
[BlackElo "2234"]
[EventDate "2011.10.14"]
[PlyCount "154"]

1.e4 c6 2.d4 d5 3.Nc3 dxe4 4.Nxe4 Nd7 5.Ng5 e6 6.Bd3 Ngf6 7.N1f3 Bd6 8.Qe2
h6 9.Ne4 Nxe4 10.Qxe4 Qc7 11.O-O b6 12.Qg4 Kf8 13.b3 Nf6 14.Qh4 Bb7 15.Bb2
c5 16.dxc5 Qxc5 17.Bxf6 gxf6 18.Qxf6 Qh5 19.Qd4 Ke7 20.Qh4+ Qxh4 21.Nxh4 
Rhg8 22.Rfe1 Rac8 23.Rad1 Bb4 24.Re3 Bc5 25.Rh3 Rcd8 26.Kf1 Kf6 27.Rg3 
Rxg3 28.hxg3 e5 29.Be2 Rxd1+ 30.Bxd1 e4 31.Be2 Bd6 32.Bc4 Bc6 33.a4 Be8 
34.Ke2 Kg5 35.f4+ exf3+ 36.Nxf3+ Kg4 37.Nd2 f5 38.Nf1 Bxg3 39.Ne3+ Kg5 40.
Bd5 Bg6 41.Nc4 Bc7 42.Na3 a5 43.c3 Kf4 44.Nc4 h5 45.Bf3 h4 46.Ne3 Bd8 47.
Nd5+ Ke5 48.Kd3 f4+ 49.Ke2 Bc2 50.b4 Bb3 51.Nxb6 Bxb6 52.Bc6 Bc2 53.bxa5 
Bxa5 54.c4 Bb6 55.Bd7 Be4 56.Kf1 Kd4 57.Kg1 Bc7 58.Kh2 Ke3 59.Kg1 Bb6 60.
a5 Bxa5 61.c5 Bb4 62.c6 Bd6 63.Kf1 Bd3+ 64.Kg1 Bb5 65.Be8 Bc7 66.Bd7 Bc4 
67.Bc8 Bd5 68.Bd7 Be4 69.Kf1 Bc2 70.Be6 Bg6 71.Bd7 Bd3+ 72.Kg1 Bb5 73.Be8 
h3 74.Bh5 hxg2 75.Bg4 Bxc6 76.Bh5 Bb6 77.Kh2 Kf2 0-1

[Event "15th Unive op"]
[Site "Hoogeveen NED"]
[Date "2011.10.19"]
[Round "6.18"]
[White "Goudriaan, Etienne"]
[Black "Rietveld, Renze"]
[Result "1-0"]
[WhiteElo "2250"]
[BlackElo "2291"]
[EventDate "2011.10.14"]
[PlyCount "107"]

1.e4 c5 2.Nf3 d6 3.d4 cxd4 4.Nxd4 Nf6 5.Nc3 a6 6.Bg5 e6 7.f4 Be7 8.Qf3 Qc7
9.O-O-O Nbd7 10.g4 b5 11.Bxf6 Nxf6 12.g5 Nd7 13.f5 Bxg5+ 14.Kb1 Ne5 15.Qh5
Qe7 16.Nxe6 Bxe6 17.fxe6 g6 18.exf7+ Kxf7 19.Qh3 Kg7 20.Nd5 Qa7 21.Qg3 Bh6
22.h4 Raf8 23.Qa3 Qc5 24.Qxa6 Rb8 25.b4 Qc6 26.Qxc6 Nxc6 27.Rh3 Rhf8 28.
Rc3 Ne5 29.a3 Kh8 30.Nc7 Nf3 31.Bxb5 Nd2+ 32.Ka2 Bg7 33.Rc6 Nxe4 34.Kb3 
Rf3+ 35.Rd3 Rf1 36.Ka4 Rf7 37.Re3 Re7 38.Nd5 Re5 39.c4 Bh6 40.Rf3 Bd2 41.
Nf6 Nxf6 42.Rxf6 Re3 43.Rf1 Bc3 44.Rb1 Be5 45.Ba6 Kg7 46.b5 Bd4 47.Rb3 Re4
48.b6 d5 49.b7 dxc4 50.Rxc4 Re6 51.Ka5 Bf2 52.Rc8 Be1+ 53.Kb5 Re5+ 54.Kc6 
1-0

[Event "15th Unive op"]
[Site "Hoogeveen NED"]
[Date "2011.10.19"]
[Round "6.19"]
[White "Willemze, Thomas"]
[Black "Lambrechts, Koen"]
[Result "1/2-1/2"]
[WhiteElo "2370"]
[BlackElo "2233"]
[EventDate "2011.10.14"]
[PlyCount "67"]

1.e4 c6 2.Ne2 g6 3.g3 Bg7 4.Bg2 d6 5.d4 Bd7 6.O-O Na6 7.c4 Qc8 8.Bd2 Bh3 
9.Bc3 Bxg2 10.Kxg2 Nf6 11.e5 dxe5 12.dxe5 Ne4 13.e6 Nxc3 14.exf7+ Kxf7 15.
Nbxc3 Rf8 16.Qc2 Qf5 17.Qxf5+ gxf5 18.g4 fxg4 19.Ne4 Kg6 20.Rad1 Rad8 21.
Kg3 Kf5 22.N2c3 b6 23.f3 Be5+ 24.Kg2 Bxc3 25.Nxc3 Rxd1 26.fxg4+ Kxg4 27.
h3+ Kh4 28.Rxd1 Nc5 29.Rd4+ Kg5 30.Kg3 Ne6 31.Rd7 Rd8 32.Rxe7 Rd3+ 33.Kf2 
Nf4 34.Rxh7 1/2-1/2

[Event "15th Unive op"]
[Site "Hoogeveen NED"]
[Date "2011.10.19"]
[Round "6.20"]
[White "Popilski, Gil"]
[Black "Maris, Ivo"]
[Result "1-0"]
[WhiteElo "2381"]
[BlackElo "1998"]
[EventDate "2011.10.14"]
[PlyCount "55"]

1.Nf3 Nf6 2.c4 g6 3.Nc3 d5 4.d4 Bg7 5.Qa4+ Bd7 6.Qb3 dxc4 7.Qxc4 O-O 8.Bf4
Na6 9.e4 c5 10.d5 b5 11.Nxb5 Nxe4 12.Nc3 Qa5 13.Rc1 Nxc3 14.bxc3 Nc7 15.
Be2 Nb5 16.Be5 Nd6 17.Qf4 Bb5 18.Bxg7 Kxg7 19.O-O Qxa2 20.Bxb5 Nxb5 21.c4 
Nd6 22.Qe5+ Kg8 23.Qxe7 Rad8 24.Ne5 Kg7 25.Nc6 Nf5 26.Qe5+ Kg8 27.Nxd8 
Rxd8 28.Qc7 1-0

[Event "15th Unive op"]
[Site "Hoogeveen NED"]
[Date "2011.10.19"]
[Round "6.21"]
[White "Meurs, Tom WA"]
[Black "Knol, Geon"]
[Result "1-0"]
[WhiteElo "2217"]
[BlackElo "2137"]
[EventDate "2011.10.14"]
[PlyCount "59"]

1.e4 c5 2.Nf3 d6 3.d4 cxd4 4.Nxd4 Nf6 5.Nc3 a6 6.Bg5 e5 7.Bxf6 Qxf6 8.Nd5 
Qd8 9.Nf5 Bxf5 10.exf5 Nd7 11.Bc4 Rc8 12.Bb3 Be7 13.Qf3 b5 14.a4 Nc5 15.
axb5 axb5 16.Ra7 Nd7 17.Qg4 Bf6 18.O-O h5 19.Qg3 Rf8 20.Qd3 Rc5 21.Rfa1 
Nb8 22.Rb7 Qc8 23.Rxb5 Nd7 24.Ra7 e4 25.Qxe4+ Be5 26.Rbb7 Nb8 27.Ba4+ Kd8 
28.Rxb8 Qxb8 29.Rd7+ Kc8 30.Ne7# 1-0

[Event "15th Unive op"]
[Site "Hoogeveen NED"]
[Date "2011.10.19"]
[Round "6.22"]
[White "Te Bokkel, Gert Jan"]
[Black "Grant, Jonathan"]
[Result "0-1"]
[WhiteElo "2034"]
[BlackElo "2209"]
[EventDate "2011.10.14"]
[PlyCount "46"]

1.e4 c6 2.d4 d5 3.f3 dxe4 4.fxe4 e5 5.Nf3 Bg4 6.Bc4 Nd7 7.O-O Ngf6 8.c3 
Bh5 9.Qe2 Bd6 10.Bg5 O-O 11.Nbd2 Qc7 12.Qf2 h6 13.Bxf6 Nxf6 14.Nh4 exd4 
15.Nf5 dxc3 16.Nf3 Rae8 17.Rae1 Nxe4 18.Qh4 Bg6 19.Nxh6+ gxh6 20.Qxh6 Bc5+
21.Kh1 Qd6 22.Rxe4 Rxe4 23.Ng5 Rxc4 0-1

[Event "15th Unive op"]
[Site "Hoogeveen NED"]
[Date "2011.10.19"]
[Round "6.23"]
[White "Mellema, Andries"]
[Black "De Groot, Hendrik"]
[Result "1-0"]
[WhiteElo "2182"]
[BlackElo "1953"]
[EventDate "2011.10.14"]
[PlyCount "55"]

1.e4 d6 2.d4 Nf6 3.Nc3 g6 4.f3 c6 5.Be3 b5 6.Qd2 Nbd7 7.g4 Nb6 8.h4 h5 9.
g5 Nfd7 10.f4 b4 11.Nd1 Rb8 12.f5 Qc7 13.Nh3 c5 14.fxg6 fxg6 15.Nf4 Rg8 
16.Be2 cxd4 17.Bxd4 Qc6 18.Nf2 Nc5 19.O-O-O b3 20.Kb1 bxa2+ 21.Ka1 Ne6 22.
Nxe6 Bxe6 23.e5 Bf5 24.exd6 exd6 25.Rhe1 Kd7 26.Qa5 Qb7 27.Bb5+ Kc7 28.
Qc3+ 1-0

[Event "15th Unive op"]
[Site "Hoogeveen NED"]
[Date "2011.10.19"]
[Round "6.25"]
[White "Van Dorp, Folke"]
[Black "Okkes, Menno"]
[Result "1/2-1/2"]
[WhiteElo "2050"]
[BlackElo "2386"]
[EventDate "2011.10.14"]
[PlyCount "32"]

1.d4 d5 2.Nf3 Nf6 3.e3 c5 4.c4 e6 5.Nc3 dxc4 6.Bxc4 a6 7.a4 Nc6 8.O-O Be7 
9.Qe2 cxd4 10.Rd1 e5 11.exd4 exd4 12.Nxd4 Nxd4 13.Qe5 Qd6 14.Qxd4 Qxd4 15.
Rxd4 Bc5 16.Rd1 O-O 1/2-1/2